| 000 | 00417nam a2200157 a 4500 | ||
|---|---|---|---|
| 001 | 2662 | ||
| 003 | CDMR | ||
| 005 | 20130620134537.0 | ||
| 008 | 130130s1972||||||||||||||||||||||||||||d | ||
| 040 |
_aCDMR _bcat _cCDMR |
||
| 100 | 1 |
_aCarles Costa, Carmen _91997 |
|
| 245 | 1 | 4 |
_aLos movimientos de liberación femenina _cCarmen Carles Costa |
| 260 |
_aBarcelona _c1972 |
||
| 650 | 0 | 4 |
_93167 _aEstudis de dones |
| 942 |
_cTSN _2udc |
||
| 999 |
_c2662 _d2662 |
||